000
00261nam a2200109Ia 4500
001
587522
005
20250717113817.0
008
250717s9999 xx 000 0 und d
245
0
_a
X-10 DÖRTNALA
_c
KITSON JAZYNKA
260
_b
BETA YAYINLARI
_c
2020
300
_b
48
999
_c
587522
_d
587522